Problems and Solutions in Accounting/ (Record no. 186203)

MARC details
000 -LEADER
fixed length control field 00619nam a22001937a 4500
005 - DATE AND TIME OF LATEST TRANSACTION
control field 20220216153141.0
010 ## - LCCN (DPL NO)
LC control number ENG-131634
020 ## - INTERNATIONAL STANDARD BOOK NUMBER
International Standard Book Number 9789390727308
Terms of availability 820.00
035 ## - SYSTEM CONTROL NUMBER
System control number EN-115166
037 ## - SOURCE OF ACQUISITION
Source of stock number/acquisition DBAD
082 ## - DEWEY DECIMAL CLASSIFICATION NUMBER
Classification number 657
100 ## - MAIN ENTRY--PERSONAL NAME
Personal name Sharma, Parveen
245 ## - TITLE STATEMENT
Title Problems and Solutions in Accounting/
Statement of responsibility, etc Parveen Sharma, Kapileshwar Bhalla
260 ## - PUBLICATION, DISTRIBUTION, ETC. (IMPRINT)
Place of publication, distribution, etc Chennai
Name of publisher, distributor, etc McGraw Hill Education Private Limited
Date of publication, distribution, etc 2020
270 ## - ADDRESS
Address Anjana Complex No. 5/90 A, Butt Road, St. Thomas Mount
City Chennai
Postal code 600016
300 ## - PHYSICAL DESCRIPTION
Extent vp.
Dimensions 25cm(pbk)
700 ## - ADDED ENTRY--PERSONAL NAME
Personal name Bhalla, Kapileshwar
942 ## - ADDED ENTRY ELEMENTS (KOHA)
Source of classification or shelving scheme Dewey Decimal Classification
Item type English Books
Classification part 657
Call number suffix SHA
Holdings
Withdrawn status Lost status Not for loan Collection code Home library Current library Date acquired Source of acquisition Cost, normal purchase price Full call number Barcode Copy number Cost, replacement price Koha item type
      Non-fiction Bawana Bawana 16/02/2022 DBAD/PUB 820.00 657 SHA EN-115166 1 820.00 English Books

© Delhi Public Library
Hit Counter
free hit counter